<?xml version="1.0" encoding="UTF-8"?><?xml-stylesheet type="text/xsl" href="static/style.xsl"?><OAI-PMH xmlns="http://www.openarchives.org/OAI/2.0/" xmlns:xsi="http://www.w3.org/2001/XMLSchema-instance" xsi:schemaLocation="http://www.openarchives.org/OAI/2.0/ http://www.openarchives.org/OAI/2.0/OAI-PMH.xsd"><responseDate>2026-04-17T07:41:51Z</responseDate><request verb="GetRecord" identifier="oai:www.recercat.cat:2445/66330" metadataPrefix="marc">https://recercat.cat/oai/request</request><GetRecord><record><header><identifier>oai:recercat.cat:2445/66330</identifier><datestamp>2025-12-05T05:52:58Z</datestamp><setSpec>com_2072_1057</setSpec><setSpec>col_2072_478808</setSpec><setSpec>col_2072_478917</setSpec></header><metadata><record xmlns="http://www.loc.gov/MARC21/slim" xmlns:dcterms="http://purl.org/dc/terms/" xmlns:xsi="http://www.w3.org/2001/XMLSchema-instance" xmlns:doc="http://www.lyncode.com/xoai" xsi:schemaLocation="http://www.loc.gov/MARC21/slim http://www.loc.gov/standards/marcxml/schema/MARC21slim.xsd">
   <leader>00925njm 22002777a 4500</leader>
   <datafield ind2=" " ind1=" " tag="042">
      <subfield code="a">dc</subfield>
   </datafield>
   <datafield ind2=" " ind1=" " tag="720">
      <subfield code="a">Ramos Lobo, Raúl</subfield>
      <subfield code="e">author</subfield>
   </datafield>
   <datafield ind2=" " ind1=" " tag="260">
      <subfield code="c">2015-07-14T10:14:27Z</subfield>
   </datafield>
   <datafield ind2=" " ind1=" " tag="260">
      <subfield code="c">2015-07-14T10:14:27Z</subfield>
   </datafield>
   <datafield ind2=" " ind1=" " tag="260">
      <subfield code="c">2014-07-01</subfield>
   </datafield>
   <datafield ind2=" " ind1=" " tag="260">
      <subfield code="c">2015-07-14T10:14:27Z</subfield>
   </datafield>
   <datafield ind2=" " ind1=" " tag="520">
      <subfield code="a">L'Estratègia Europa 2020, aprovada el juny de 2010, presenta tres prioritats que es reforcen mútuament: creixement intel·ligent, sostenible i inclusiu, capaç d'aconseguir alts nivells d'ocupació, productivitat i cohesió social. En aquest context, la necessitat de donar resposta a l'increment de les desigualtats que s'ha produït durant la crisi econòmica ha portat a reformar alguns aspectes de l'Estat del Benestar que han accentuat encara més les diferències ja existents entre els diferents estats membres de la Unió Europea. A aquest article s'analitza, en primer lloc, l'evolució recent de diferents indicadors relacionats amb la protecció social des d'una perspectiva crítica i, a continuació, les iniciatives més recents en l'àmbit català i espanyol per tal de promoure el que es coneix com a 'inclusió activa'. De fet, en l'àmbit de la Unió Europea, les polítiques contra la pobresa han patit profunds canvis en les dues últimes dècades reorientant-se cap a una combinació d'instruments orientats a garantir un mínim d'ingressos als ciutadans i d'altres que tracten de promoure la seva inserció socioeconòmica. En segon lloc, es descriu en major detall la situació al nostre país que, de fet, constitueix una anomalia dins el context de la Unió Europea, sent un dels pocs països que no compten amb un instrument general de protecció econòmica de les llars amb menys recursos. Per últim, es valoren diferents alternatives de reforma en aquest àmbit tenint en compte els reptes a que ens haurem d'enfrontar en un futur proper.</subfield>
   </datafield>
   <datafield tag="653" ind2=" " ind1=" ">
      <subfield code="a">Política social</subfield>
   </datafield>
   <datafield tag="653" ind2=" " ind1=" ">
      <subfield code="a">Pobresa</subfield>
   </datafield>
   <datafield tag="653" ind2=" " ind1=" ">
      <subfield code="a">Marginació social</subfield>
   </datafield>
   <datafield tag="653" ind2=" " ind1=" ">
      <subfield code="a">Educació inclusiva</subfield>
   </datafield>
   <datafield tag="653" ind2=" " ind1=" ">
      <subfield code="a">Social policy</subfield>
   </datafield>
   <datafield tag="653" ind2=" " ind1=" ">
      <subfield code="a">Poverty</subfield>
   </datafield>
   <datafield tag="653" ind2=" " ind1=" ">
      <subfield code="a">Social marginality</subfield>
   </datafield>
   <datafield tag="653" ind2=" " ind1=" ">
      <subfield code="a">Inclusive education</subfield>
   </datafield>
   <datafield ind2="0" ind1="0" tag="245">
      <subfield code="a">Ciutadans socialment responsables i no socialment dependents</subfield>
   </datafield>
</record></metadata></record></GetRecord></OAI-PMH>